La muy lamentable conquista y cruenta batalla de Rhodas [ (Record no. 5110)

MARC details
000 -LEADER
campo de control de longitud fija 00958npm a2200241 4500
001 - NÚMERO DE CONTROL
campo de control 5110
003 - IDENTIFICADOR DE NÚMERO DE CONTROL
campo de control ES-MaACL
005 - FECHA Y HORA DE LA ÚLTIMA TRANSACCIÓN
campo de control 20230908150139.0
007 - CAMPO FIJO DE DESCRIPCIÓN FÍSICA--INFORMACIÓN GENERAL
campo de control de longitud fija hzrazu bucu
008 - DATOS DE LONGITUD FIJA--INFORMACIÓN GENERAL
campo de control de longitud fija 891023r19891526sp b 00010 spa d
080 ## - NÚMERO DE LA CLASIFICACIÓN DECIMAL UNIVERSAL
Número de la Clasificación Decimal Universal 9(495 Rodas)"1522"
100 1# - ENTRADA PRINCIPAL--NOMBRE DE PERSONA
Nombre de persona Fontanus, Jacobus.
9 (RLIN) 51623
245 13 - MENCIÓN DEL TÍTULO
Título La muy lamentable conquista y cruenta batalla de Rhodas [
Medio Microforma] /
Mención de responsabilidad, etc. nuevamente sacada de la lengua latina en nuestro vulgar castellano... por el bachiller Christoval de Arcos.
260 ## - PUBLICACIÓN, DISTRIBUCIÓN, ETC.
Lugar de publicación, distribución, etc. Madrid :
Nombre del editor, distribuidor, etc. Ateneo Cientifico, Literario y Artistico,
Fecha de publicación, distribución, etc. 1989.
300 ## - DESCRIPCIÓN FÍSICA
Extensión 2 microfichas :
Otras características físicas negativo.
500 ## - NOTA GENERAL
Nota general Publicado originalmente: Sevilla, Juan Varela de Salamanca, 1526.
505 8# - NOTA DE CONTENIDO CON FORMATO
Nota de contenido con formato Microficha n. 1: fol. 1 a 59 -- Microficha n. 2: fol. 60 a 64
650 14 - PUNTO DE ACCESO ADICIONAL DE MATERIA--TÉRMINO DE MATERIA
Término de materia o nombre geográfico como elemento de entrada Obras anteriores a 1800.
9 (RLIN) 15661
700 1# - ENTRADA AGREGADA--NOMBRE PERSONAL
Nombre de persona Arcos, Cristobal de.
9 (RLIN) 22514
852 ## - LOCALIZACIÓN
Ubicación ES-MaACL
Número de control de estantería MCF-11
itemnumber 5227
Ubicación en estantería Depósito 1
942 ## - ELEMENTOS DE ENTRADA SECUNDARIOS (KOHA)
Fuente del sistema de clasificación o colocación Clasificación decimal universal
Tipo de ítem Koha Microforma
Holdings
Estatus retirado Estado de pérdida Fuente del sistema de clasificación o colocación Estado de daño No para préstamo Colección Biblioteca de origen Biblioteca actual Ubicación en estantería Fecha de adquisición Total de préstamos Signatura topográfica completa Código de barras Visto por última vez Precio de reemplazo Tipo de ítem Koha
    Clasificación decimal universal     Libros del s. XVI Biblioteca del Ateneo de Madrid Biblioteca del Ateneo de Madrid Depósito 1 17/01/2008   MCF-11 1005173 23/02/2023 23/02/2023 Microforma